Journey to the centre of the Earth / (Record no. 5147)
[ view plain ]
| 000 -LEADER | |
|---|---|
| fixed length control field | 00476cam a2200169ua 4500 |
| 041 ## - LANGUAGE CODE | |
| Language code of text/sound track or separate title | eng |
| 082 ## - DEWEY DECIMAL CLASSIFICATION NUMBER | |
| Classification number | 823.308 |
| Item number | VER/JO |
| 100 ## - MAIN ENTRY--AUTHOR NAME | |
| Personal name | Jules, Verne . |
| 245 ## - TITLE STATEMENT | |
| Title | Journey to the centre of the Earth / |
| 260 ## - PUBLICATION, DISTRIBUTION, ETC. (IMPRINT) | |
| Place of publication | London : |
| Name of publisher | Longman , |
| Year of publication | 1963. |
| 300 ## - PHYSICAL DESCRIPTION | |
| Number of Pages | 152 ; . |
| 490 0# - SERIES STATEMENT | |
| Series statement | Longman`s Simplified English Series, |
| Volume number/sequential designation | |
| 942 ## - ADDED ENTRY ELEMENTS (KOHA) | |
| Koha item type | Books |
| Withdrawn status | Lost status | Damaged status | Home library | Current library | Date acquired | Full call number | Accession Number | Koha item type |
|---|---|---|---|---|---|---|---|---|
| Withdrawn | KAUAET | Sanskrit University | 07/04/2012 | 823.308 | 10153 | Books |
